000 00538nam a22001817a 4500
003 OSt
005 20260119020157.0
008 260119b |||||||| |||| 00| 0 eng d
040 _aDWC-Main lib
_cOC
082 _aCirc. 641.5 G646 1979
245 _aThe Good cook:
_b poultry/
260 _aAlexandia, Virgina :
_bTime- life books ,
_c c1979.
300 _a176 pages :
_bcolor illustrations ;
_c27cm.
504 _aIncludes index
650 _a1. Cooking ( Poultry)
650 _a2. Cooking (Meat)
942 _2ddc
_cBK-CIRC
_kCirc.
_n0
999 _c7511
_d7511